| 000 | 00727nam a2200241 i 4500 | ||
|---|---|---|---|
| 001 | 000025586 | ||
| 003 | DO-SdBNP | ||
| 005 | 20240618145055.0 | ||
| 007 | ta | ||
| 008 | 110218s1997 dr 000 0 spa d | ||
| 040 |
_aDO-SdBNP _bspa _cBNPHU _erda |
||
| 082 |
_222 _bC975 |
||
| 245 | 0 | 3 |
_aLa curia diocesana : _bSínodo de Pittini,1938 / _ceditor Rafael Bello Peguero. |
| 264 | 1 |
_aSanto Domingo : _bAmigo del Hogar, _c1997. |
|
| 300 |
_a39 páginas _c21 cm. |
||
| 336 |
_2rdacontent _atexto _btxt |
||
| 337 |
_2rdamedia _asin mediación _bn |
||
| 338 |
_2rdacarrier _avolumen _bnc |
||
| 590 | _aInventariado, 2024/ YL | ||
| 700 | 1 |
_aBello Peguero, Rafael, _d1932-2022 _eeditor _92405 |
|
| 910 | _aYLockward | ||
| 942 |
_2ddc _cLF2 |
||
| 999 |
_c25078 _d25078 |
||